LEADER 01234nam a2200265 i 4500 001 000000099359 003 CaOOAMICUS 005 20171023000000.0 008 171023s1998 xx u000 u fre u 013 $a71511 020 $a88-7263-131-9 040 $aSeMil$bita 100 1 $aBellucci, Dino.$0(OLS)http://semarc/name/30717 245 10$aScience de la nature et réformation :$bla physique au service de la Réforme dans l'enseignement de Philippe Mélanchthon /$cDino Bellucci. 260 $aRoma :$bVivere In,$c1998. 300 $a717 p. ;$c24 cm. 490 0 $aDialogo ;$v1 600 14$aMelantone, Filippo <1497-1560>.$0(OLS)http://semarc/subject/6426 650 4$aMelantone, Filippo <1497-1560> - Cosmologia.$0(OLS)http://semarc/subject/45864 830 0$aDialogo ;$v1.$0(OLS)http://semarc/title/8203 850 $aSeMil 852 $aSeMil$W1$xVenegono$y1$m2K VI 11$j56886$B56886$CSeMilBibl$Z2$F66870 $81 996 $6020$a88-7263-131-9$9(OLS)http://semarc/number/272348 996 $6245$aScience de la nature et réformation :$bla physique au service de la Réforme dans l'enseignement de Philippe Mélanchthon$9(OLS)http://semarc/title/406475 996 $6260$aRoma :$bVivere In$9(OLS)http://semarc/publisher/30924 LEADER 01119nam a2200241 i 4500 001 000000055116 003 CaOOAMICUS 005 20250317092109.0 008 140415s1992 it u000 u ita u 040 $aSeMil$bita 100 1 $aCasalini, Nello,$c.$0(OLS)http://semarc/name/90691 245 10$aAgli ebrei :$bdiscorso di esortazione /$cNello Casalini. 260 $aJerusalem :$bFranciscan Printing Press,$c1992. 300 $a459 p. ;$c24 cm. 490 1 $aAnalecta / Studium biblicum Franciscanum ;$v34 650 4$aBibbia. Nuovo testamento. Lettera agli Ebrei - Commentari, studi, critica, interpretazioni.$0(OLS)http://semarc/subject/43 830 0$aAnalecta / Studium biblicum Franciscanum ;$v34.$0(OLS)http://semarc/title/419339 850 $aSeMil 852 $aSeMil$W1$xVenegono$y1$m2YA I 34$j255179$B21270$CSeMilBibl$Z2$F21272 $81 961 $aAcquisto: Distributore 996 $6245$aAgli ebrei :$bdiscorso di esortazione$9(OLS)http://semarc/title/85445 996 $6260$aJerusalem :$bFranciscan Printing Press$9(OLS)http://semarc/publisher/31947